[Event "International Championship of Central Se"]
[Site "Paracin, hotel "]
[Date "2012.07.10"]
[Round "5.1"]
[White "Ostojic, Nikola M"]
[Black "Zajic, Milun"]
[Result "1-0"]
[WhiteElo "2048"]
[BlackElo "1873"]
[PlyCount "63"]
[EventDate "2012.07.06"]

1. d4 Nf6 2. Bg5 g6 3. Bxf6 exf6 4. c4 d6 5. Nc3 Bg7 6. g3 O-O 7. Bg2 c6 8. e3
Qe7 9. Nge2 Nd7 10. O-O f5 11. Qc2 Nf6 12. Rfd1 Bd7 13. b4 Rab8 14. a4 b6 15.
b5 c5 16. dxc5 dxc5 17. Ra3 Be6 18. Nd5 Bxd5 19. Bxd5 Nxd5 20. Rxd5 Rbd8 21.
Nf4 g5 22. Rxd8 Rxd8 23. Nd5 Qe4 24. Qxe4 fxe4 25. a5 bxa5 26. Rxa5 Rd7 27. b6
Rxd5 28. bxa7 Rd8 29. a8=Q Rxa8 30. Rxa8+ Bf8 31. Re8 f5 32. Re5 1-0

[Event "International Championship of Central Se"]
[Site "Paracin, hotel "]
[Date "2012.07.10"]
[Round "5.2"]
[White "Franca, Veronika"]
[Black "Litvinenko, Ekaterina"]
[Result "1-0"]
[WhiteElo "1849"]
[BlackElo "1914"]
[PlyCount "73"]
[EventDate "2012.07.06"]

1. d4 c5 2. d5 Nf6 3. c4 b5 4. cxb5 a6 5. b6 Qxb6 6. Nc3 g6 7. e4 d6 8. Be2 Bg7
9. Nf3 O-O 10. Nd2 Nbd7 11. a4 Ne8 12. a5 Qa7 13. Nc4 Nc7 14. O-O Nb5 15. Na4
Nd4 16. Re1 Qc7 17. Nab6 Nxb6 18. Nxb6 Ra7 19. Bc4 Bd7 20. Qd3 Bb5 21. Be3 Bxc4
22. Qxc4 Kh8 23. Rac1 f5 24. f3 f4 25. Bf2 Nb5 26. b4 Bb2 27. Rc2 Na3 28. Qb3
Nxc2 29. Qxb2+ Nd4 30. Rc1 Qb8 31. bxc5 dxc5 32. Rxc5 Kg8 33. Bxd4 Re8 34. Be5
Qd8 35. Rc8 Qxc8 36. Nxc8 Rxc8 37. Bxf4 1-0

[Event "International Championship of Central Se"]
[Site "Paracin, hotel "]
[Date "2012.07.10"]
[Round "5.3"]
[White "Milosevic, Rade"]
[Black "Kastelijn, Toine"]
[Result "1-0"]
[WhiteElo "2099"]
[BlackElo "1946"]
[PlyCount "113"]
[EventDate "2012.07.06"]

1. Nf3 e6 2. c4 d5 3. cxd5 exd5 4. d4 Bd6 5. Nc3 c6 6. Bg5 Nf6 7. Qc2 Nbd7 8.
e3 Nf8 9. Bd3 Bg4 10. Ne5 Bh5 11. f4 h6 12. Bh4 Bg6 13. Nxg6 fxg6 14. Bxg6+
Nxg6 15. Qxg6+ Kf8 16. O-O Qe7 17. Rae1 Qf7 18. Qxf7+ Kxf7 19. Bxf6 gxf6 20.
Kf2 Bb4 21. Rc1 Rae8 22. a3 Bxc3 23. Rxc3 Ke6 24. b4 Kd6 25. Kf3 f5 26. Rg1 h5
27. g3 Re7 28. a4 Rg7 29. h3 Rhg8 30. Rc2 Re7 31. Rcg2 Rh8 32. g4 hxg4+ 33.
hxg4 Rh3+ 34. Rg3 fxg4+ 35. Kxg4 Rh2 36. b5 Ra2 37. bxc6 Kxc6 38. Kf5 Rxa4 39.
Rg6+ Kb5 40. Re6 Rd7 41. Ke5 Ra3 42. Rg3 a5 43. f5 Rc3 44. f6 Rcc7 45. Re8 a4
46. Ke6 Kc6 47. Rg1 Rd6+ 48. Ke5 Rf7 49. Re6 Rxe6+ 50. Kxe6 Rxf6+ 51. Kxf6 b5
52. Rb1 Kb6 53. e4 dxe4 54. d5 b4 55. Rxb4+ Kc5 56. Rxa4 Kxd5 57. Kf5 1-0

[Event "International Championship of Central Se"]
[Site "Paracin, hotel "]
[Date "2012.07.10"]
[Round "5.4"]
[White "Popovic, Milan S"]
[Black "Zivkovic, Zivojin"]
[Result "1-0"]
[WhiteElo "2083"]
[BlackElo "1991"]
[PlyCount "63"]
[EventDate "2012.07.06"]

1. e4 d6 2. Nc3 Nf6 3. Bc4 g6 4. f4 c6 5. Bb3 e5 6. d3 Bg7 7. Nf3 Bg4 8. h3
Bxf3 9. Qxf3 Nbd7 10. O-O h6 11. Kh1 O-O 12. Be3 Qe7 13. Rad1 exf4 14. Bxf4 Ne5
15. Qf2 g5 16. Bh2 Ng6 17. Ne2 Nd7 18. c3 Nc5 19. Ng3 Nh4 20. Bc2 Nd7 21. d4 a5
22. Nf5 Nxf5 23. Qxf5 Rfd8 24. Bb3 Rf8 25. Rde1 a4 26. Bc2 Rfd8 27. e5 dxe5 28.
Qh7+ Kf8 29. dxe5 Ra5 30. Bg6 Rxe5 31. Bxe5 f6 32. Bc7 1-0

[Event "International Championship of Central Se"]
[Site "Paracin, hotel "]
[Date "2012.07.10"]
[Round "5.5"]
[White "Radovic, Janko"]
[Black "Arandjelovic, Aleksandar Z"]
[Result "1-0"]
[WhiteElo "2024"]
[BlackElo "2030"]
[PlyCount "43"]
[EventDate "2012.07.06"]

1. e4 c5 2. c3 e5 3. Nf3 Nc6 4. Bc4 Qc7 5. O-O Nf6 6. Re1 Be7 7. d3 O-O 8. Nbd2
d6 9. Nf1 Nd8 10. Ng3 a6 11. a4 Bd7 12. Nh4 Re8 13. Nhf5 Ne6 14. Nxe7+ Rxe7 15.
Qf3 Nf8 16. h3 Be6 17. Bg5 N8d7 18. Nf5 Bxf5 19. Qxf5 h6 20. Bh4 Qd8 21. Re3 g6
22. Qxg6+ 1-0

[Event "International Championship of Central Se"]
[Site "Paracin, hotel "]
[Date "2012.07.10"]
[Round "5.6"]
[White "Kostic, Tomislav"]
[Black "Tomic, Slobodan"]
[Result "1/2-1/2"]
[WhiteElo "1833"]
[BlackElo "2090"]
[PlyCount "96"]
[EventDate "2012.07.06"]

1. e4 e6 2. d4 d5 3. exd5 exd5 4. Nf3 Bd6 5. Bd3 Ne7 6. O-O Bf5 7. Re1 O-O 8.
Bg5 f6 9. Bh4 Qd7 10. c3 Bxd3 11. Qxd3 Nf5 12. Bg3 Nxg3 13. hxg3 c6 14. Nbd2
Na6 15. Re2 Rae8 16. Rae1 Nc7 17. Nf1 Rxe2 18. Rxe2 Re8 19. Rxe8+ Qxe8 20. Ne3
Qe6 21. Qf5 Qxf5 22. Nxf5 Bf8 23. Kf1 g6 24. Ne3 Kf7 25. Ke2 Ke6 26. Kd3 b6 27.
b3 Ne8 28. Nf1 Nd6 29. Ke2 Bg7 30. Kd3 h5 31. Ng1 Bh6 32. f3 g5 33. Ne2 Bf8 34.
Ng1 Be7 35. Ne3 f5 36. Nf1 Bf8 37. f4 g4 38. Nd2 Be7 39. Ke3 Bf6 40. Kd3 Bd8
41. Ke3 Bc7 42. Kd3 Nc8 43. Ke3 Ne7 44. Kd3 Ng6 45. Ke3 Bd6 46. Nb1 a5 47. Nd2
b5 48. a4 Nf8 1/2-1/2

[Event "International Championship of Central Se"]
[Site "Paracin, hotel "]
[Date "2012.07.10"]
[Round "5.7"]
[White "Pleshakov, Anton"]
[Black "Nadvesnik, Vilma"]
[Result "1-0"]
[WhiteElo "2074"]
[BlackElo "1906"]
[PlyCount "58"]
[EventDate "2012.07.06"]

1. e4 d6 2. d4 Nf6 3. Nc3 g6 4. f4 Bg7 5. Nf3 c5 6. e5 Nfd7 7. Bc4 cxd4 8. Ng5
Nc5 9. Bxf7+ Kf8 10. b4 h6 11. Bxg6 hxg5 12. fxg5 Bxe5 13. Qf3+ Bf6 14. bxc5
dxc3 15. gxf6 exf6 16. cxd6 Nc6 17. O-O Nd4 18. Qg3 Nf5 19. h3 Qb6+ 20. Kh1 Bd7
21. Bxf5 Bxf5 22. Rxf5 Qd4 23. Bf4 Rxh3+ 24. gxh3 Qe4+ 25. Qg2 Qxf5 26. Qg4
Qe4+ 27. Kh2 Qxc2+ 28. Qg2 Qh7 29. Rg1 Rd8 1-0

[Event "International Championship of Central Se"]
[Site "Paracin, hotel "]
[Date "2012.07.10"]
[Round "5.8"]
[White "Djuretanovic, Ivan"]
[Black "Boskovic, Maksimilijan"]
[Result "0-1"]
[WhiteElo "2051"]
[BlackElo "1888"]
[PlyCount "34"]
[EventDate "2012.07.06"]

1. e4 e5 2. Nf3 Nc6 3. Bc4 Nf6 4. d4 exd4 5. e5 d5 6. Bb5 Ne4 7. Nxd4 Bc5 8.
Be3 O-O 9. Nxc6 bxc6 10. Bxc5 Nxc5 11. Bxc6 Rb8 12. Bxd5 Ba6 13. f4 Rxb2 14.
Na3 Nd3+ 15. cxd3 Qxd5 16. Nc4 Bxc4 17. dxc4 Qxe5+ 0-1

[Event "International Championship of Central Se"]
[Site "Paracin, hotel "]
[Date "2012.07.10"]
[Round "5.9"]
[White "Ivic, Matija"]
[Black "Majstorovic, Dusan"]
[Result "1/2-1/2"]
[WhiteElo "1884"]
[BlackElo "2050"]
[PlyCount "76"]
[EventDate "2012.07.06"]

1. c4 e6 2. Nf3 d5 3. g3 Nf6 4. Bg2 c5 5. O-O Nc6 6. d4 cxd4 7. Nxd4 Qb6 8.
Nxc6 bxc6 9. Qc2 Rb8 10. b3 Bd6 11. Bb2 Qc7 12. Nd2 Be5 13. Rac1 Bxb2 14. Qxb2
Qd6 15. Rfd1 O-O 16. Nf3 Re8 17. Ne5 Nd7 18. Nxd7 Bxd7 19. e4 a5 20. cxd5 exd5
21. exd5 c5 22. Qc3 a4 23. Qxc5 Qxc5 24. Rxc5 axb3 25. axb3 Rxb3 26. d6 Rb6 27.
Rcd5 Rd8 28. h3 Bc6 29. R5d4 Bxg2 30. Kxg2 Kf8 31. Kf3 Ke8 32. Ke4 Kd7 33. Rd5
Re8+ 34. Re5 Rxe5+ 35. Kxe5 f6+ 36. Kf5 Rb2 37. f4 Rb3 38. Kg4 Rc3 1/2-1/2

[Event "International Championship of Central Se"]
[Site "Paracin, hotel "]
[Date "2012.07.10"]
[Round "5.11"]
[White "Tosic, Dragoljub"]
[Black "Radzhabov, Rodion"]
[Result "1-0"]
[WhiteElo "1998"]
[BlackElo "1867"]
[Annotator "Milojevic,Boban"]
[PlyCount "78"]
[EventDate "2012.07.06"]

1. d4 d5 2. Nf3 Nf6 3. g3 c6 4. Bg2 Bf5 5. O-O e6 6. c4 Nbd7 7. Qb3 Qb6 8. c5
Qa6 9. Nc3 Be7 10. Nh4 O-O 11. Nxf5 exf5 12. Rd1 Ne4 13. Bf1 b6 14. cxb6 axb6
15. Bd2 Nxd2 16. Rxd2 Nf6 17. Rc1 Qa5 18. Bg2 Rfd8 19. Rdc2 Ra7 20. a3 Bf8 21.
Nd1 c5 22. Ne3 c4 23. Qc3 Qxc3 24. Rxc3 g6 25. Nc2 Ne4 26. Bxe4 fxe4 27. g4 Bh6
28. e3 f5 29. Nb4 Rd6 30. h3 Rf7 31. b3 b5 32. a4 Rb7 33. axb5 Rxb5 34. Nxd5
Rbxd5 35. bxc4 Rxd4 36. exd4 Bxc1 37. Rxc1 Rd7 38. c5 Rd8 39. Kf1 Kf7 {
unreadable} 1-0

[Event "International Championship of Central Se"]
[Site "Paracin, hotel "]
[Date "2012.07.10"]
[Round "5.12"]
[White "Rajic, Milovan"]
[Black "Radovic, Luka"]
[Result "1/2-1/2"]
[WhiteElo "1865"]
[BlackElo "1982"]
[PlyCount "68"]
[EventDate "2012.07.06"]

1. d4 d5 2. c4 c6 3. e3 Nf6 4. Nc3 e6 5. a3 Nfd7 6. Qc2 Bd6 7. Nf3 O-O 8. b3
Qe7 9. Be2 e5 10. dxe5 Nxe5 11. Nxe5 Bxe5 12. Bb2 Be6 13. Nb1 Nd7 14. Nd2 Qf6
15. Bxe5 Nxe5 16. O-O Bf5 17. Qd1 Rfd8 18. Qc1 Qg6 19. Rd1 Bc2 20. Rf1 Bd3 21.
Bxd3 Qxd3 22. Rd1 Qf5 23. Qc3 Qf6 24. Qc2 dxc4 25. Nxc4 Nxc4 26. Qxc4 g6 27.
Rac1 Rac8 28. Rxd8+ Qxd8 29. Qd4 Qa5 30. Qf4 Qd5 31. g3 c5 32. Qc4 Qe5 33. a4
b6 34. h4 h5 1/2-1/2

[Event "International Championship of Central Se"]
[Site "Paracin, hotel "]
[Date "2012.07.10"]
[Round "5.13"]
[White "Stefanov, Evtim"]
[Black "Nikolic, Milan"]
[Result "1/2-1/2"]
[WhiteElo "1969"]
[BlackElo "1857"]
[PlyCount "97"]
[EventDate "2012.07.06"]

1. e4 d5 2. exd5 Qxd5 3. Nc3 Qa5 4. d4 c6 5. Bc4 Bf5 6. Bd2 e6 7. Nf3 Nd7 8.
Nh4 Bg6 9. a3 Ngf6 10. Nf3 Qc7 11. Qe2 Bd6 12. Bg5 h6 13. Bh4 O-O 14. O-O Nd5
15. Ne4 Nf4 16. Qe3 Nb6 17. Nxd6 Qxd6 18. Bb3 Nbd5 19. Qd2 Bh5 20. Bxd5 exd5
21. Ne5 Ng6 22. Bg3 Nxe5 23. dxe5 Qc5 24. Kh1 Bg6 25. c3 Be4 26. f4 f5 27. Bf2
Qb5 28. Be3 Rfe8 29. Qf2 a6 30. h3 Re6 31. Kh2 Rg6 32. Rg1 Qa4 33. Rae1 Re8 34.
Qe2 Qc2 35. g4 Qxe2+ 36. Rxe2 fxg4 37. hxg4 h5 38. gxh5 Rh6 39. Kg3 Rxh5 40.
Kg4 g6 41. Bf2 Kf7 42. Bh4 Reh8 43. Rh2 Ke6 44. Re1 Bf5+ 45. Kg3 Be4 46. Ree2
Kf5 47. Bg5 Rxh2 48. Rxh2 Rxh2 49. Kxh2 1/2-1/2

[Event "International Championship of Central Se"]
[Site "Paracin, hotel "]
[Date "2012.07.10"]
[Round "5.14"]
[White "Mirkovic, Dejan"]
[Black "Jakovljevic, Dejan"]
[Result "1/2-1/2"]
[WhiteElo "1919"]
[BlackElo "1838"]
[PlyCount "44"]
[EventDate "2012.07.06"]

1. d4 Nf6 2. c4 e5 3. e3 exd4 4. exd4 d5 5. Nf3 Bb4+ 6. Bd2 Bxd2+ 7. Nbxd2 O-O
8. Be2 Bf5 9. O-O c6 10. Qb3 Qc7 11. Rac1 dxc4 12. Bxc4 Qb6 13. Qc3 Na6 14.
Rfe1 Rfe8 15. Ne5 Bg6 16. Nb3 Nb4 17. Nc5 Nbd5 18. Qd2 Rad8 19. b3 Qc7 20. a4
a5 21. Nxg6 hxg6 22. Rxe8+ Rxe8 1/2-1/2

[Event "International Championship of Central Se"]
[Site "Paracin, hotel "]
[Date "2012.07.10"]
[Round "5.15"]
[White "Nikolic, Stanko"]
[Black "Ljuboja, Ognjen"]
[Result "1/2-1/2"]
[WhiteElo "1911"]
[BlackElo "1830"]
[Annotator "Milojevic,Boban"]
[PlyCount "58"]
[EventDate "2012.07.06"]

1. e4 c5 2. Nf3 Nc6 3. d4 cxd4 4. Nxd4 g6 5. Nc3 Bg7 6. Be3 Nf6 7. Nxc6 bxc6 8.
Be2 O-O 9. O-O d5 10. e5 Nd7 11. f4 e6 12. Na4 Qa5 13. c3 Ba6 14. Bxa6 Qxa6 15.
Nc5 Nxc5 16. Bxc5 Rfd8 17. b4 Bf8 18. Bxf8 Kxf8 19. Qe1 Qb6+ 20. Kh1 Rdc8 21.
Qh4 h5 22. Rae1 Qd8 23. Qh3 c5 24. f5 exf5 25. e6 Qe7 26. g4 fxg4 27. Qe3 f5
28. Qh6+ Qg7 29. e7+ Kf7 {unreadable} 1/2-1/2

[Event "International Championship of Central Se"]
[Site "Paracin, hotel "]
[Date "2012.07.10"]
[Round "5.16"]
[White "Gagic, Miroljub"]
[Black "Majcen, Zoran"]
[Result "1/2-1/2"]
[WhiteElo "1911"]
[BlackElo "1809"]
[Annotator "Milojevic,Boban"]
[PlyCount "92"]
[EventDate "2012.07.06"]

1. c4 b6 2. Nf3 Bb7 3. Nc3 Nf6 4. d4 d5 5. e3 e6 6. a3 Be7 7. Be2 O-O 8. O-O
dxc4 9. Bxc4 c5 10. dxc5 Qxd1 11. Rxd1 Bxc5 12. Nb5 Bxf3 13. gxf3 Nc6 14. b4
Be7 15. Bb2 Rac8 16. Rac1 Rfd8 17. Rxd8+ Bxd8 18. Nd6 Rc7 19. Bb5 Nb8 20. Rd1
Be7 21. Be5 Bxd6 22. Rxd6 Rc8 23. Bd3 Nbd7 24. Bb2 Kf8 25. Bb1 Ke7 26. Rd2 Rc6
27. Kf1 Rc7 28. Ke2 Rc4 29. e4 Rc8 30. Bd3 Rc7 31. Bb5 Ne8 32. e5 g6 33. a4 Ng7
34. a5 Nf5 35. f4 Nh4 36. Ba3 Nf5 37. Ba4 h6 38. b5+ Ke8 39. Bd6 Nxd6 40. Rxd6
Rc4 41. Bd1 Rxf4 42. Bc2 Nxe5 43. axb6 axb6 44. Rxb6 Kd7 45. Rb7+ Kc8 46. Ra7
Rb4 {unreadable} 1/2-1/2

[Event "International Championship of Central Se"]
[Site "Paracin, hotel "]
[Date "2012.07.10"]
[Round "5.17"]
[White "Nikolic, Vladimir"]
[Black "Brankovan, Mario"]
[Result "1/2-1/2"]
[WhiteElo "1987"]
[BlackElo "1854"]
[PlyCount "93"]
[EventDate "2012.07.06"]

1. Nf3 c6 2. d4 d5 3. Nbd2 Bf5 4. c3 Nf6 5. Ne5 e6 6. g3 Bd6 7. Ndf3 h6 8. Bg2
Nbd7 9. Qb3 Rb8 10. Bf4 Qc7 11. Nxd7 Nxd7 12. Bxd6 Qxd6 13. O-O O-O 14. a4 Rfc8
15. Qa3 Qxa3 16. Rxa3 c5 17. dxc5 Rxc5 18. Nd4 Bg6 19. Rd1 Nb6 20. f4 Nc4 21.
Rb3 a6 22. Kf2 Kf8 23. e3 Ke7 24. Bf1 Bh5 25. Ra1 Nd2 26. Rb6 Nxf1 27. Kxf1 Bg6
28. Ke2 Kd7 29. Ra3 Kc7 30. Rab3 Rc4 31. a5 Rc5 32. R3b4 Bb1 33. Kd2 Be4 34. g4
Bg2 35. h4 Bf1 36. Nb3 Rc6 37. g5 hxg5 38. hxg5 Bb5 39. Nd4 Rxb6 40. axb6+ Kxb6
41. g6 fxg6 42. Nxe6 Rh8 43. Nd4 Rh2+ 44. Ke1 Kc5 45. Nxb5 axb5 46. Kd1 b6 47.
Ke1 1/2-1/2

[Event "International Championship of Central Se"]
[Site "Paracin, hotel "]
[Date "2012.07.10"]
[Round "5.18"]
[White "Vaskovic, Dragan"]
[Black "Dragojevic, Dragan"]
[Result "0-1"]
[WhiteElo "1823"]
[BlackElo "1968"]
[PlyCount "101"]
[EventDate "2012.07.06"]

1. Nf3 d5 2. d4 Nf6 3. Bg5 Ne4 4. Bh4 Nd7 5. e3 c6 6. Nbd2 Ndf6 7. Be2 Qb6 8.
Rb1 Bf5 9. O-O h6 10. Ne5 Nxd2 11. Qxd2 g5 12. Bg3 h5 13. f3 Bh6 14. Bd3 Be6
15. c3 h4 16. Bf2 O-O-O 17. Qc2 Nd7 18. Ng4 Bg7 19. Bf5 Rdg8 20. e4 Bxf5 21.
exf5 Qc7 22. Rfe1 Nf6 23. Ne5 Rf8 24. Re2 Nh5 25. Ng4 Nf4 26. Re3 Re8 27. Rd1
e6 28. a3 Qd7 29. f6 Bf8 30. b4 Bd6 31. Qa4 h3 32. Bg3 Nxg2 33. Ne5 Bxe5 34.
Bxe5 b6 35. Rde1 Nxe1 36. Rxe1 g4 37. fxg4 Reg8 38. Qd1 Rh4 39. Bg3 Rhxg4 40.
Qd3 R8g6 41. Rf1 Kb7 42. a4 Qd8 43. b5 cxb5 44. Qxb5 Qc7 45. Rf3 Rxg3+ 46. Rxg3
Rxg3+ 47. hxg3 Qxg3+ 48. Kf1 Qf3+ 49. Ke1 Qxc3+ 50. Kf2 Qxd4+ 51. Kg3 0-1

[Event "International Championship of Central Se"]
[Site "Paracin, hotel "]
[Date "2012.07.10"]
[Round "5.19"]
[White "Djordjevic, Danilo"]
[Black "Milosavljevic, Delimir"]
[Result "1-0"]
[WhiteElo "1967"]
[BlackElo "1824"]
[PlyCount "57"]
[EventDate "2012.07.06"]

1. d4 Nf6 2. c4 g6 3. Nc3 Bg7 4. e4 d6 5. f3 O-O 6. Bg5 h6 7. Be3 Nbd7 8. Qd2
Kh7 9. Bd3 c6 10. O-O-O a6 11. Qe2 b5 12. e5 Ne8 13. f4 e6 14. h4 Rh8 15. h5
Nf8 16. Nf3 b4 17. Ne4 d5 18. Ned2 Kg8 19. hxg6 Nxg6 20. Bxg6 fxg6 21. Nh4 dxc4
22. Nxc4 a5 23. Nxg6 Rh7 24. Qg4 Kf7 25. Nh4 Qd5 26. Qg6+ Kf8 27. Nb6 Qxa2 28.
Nxa8 Qc4+ 29. Qc2 1-0

[Event "International Championship of Central Se"]
[Site "Paracin, hotel "]
[Date "2012.07.10"]
[Round "5.20"]
[White "Milutinovic, Bojan"]
[Black "Radovanovic, Miroljub B"]
[Result "0-1"]
[WhiteElo "1815"]
[BlackElo "1953"]
[PlyCount "84"]
[EventDate "2012.07.06"]

1. e4 c5 2. Nf3 Nc6 3. d4 cxd4 4. Nxd4 e5 5. Nb5 d6 6. N1c3 a6 7. Na3 b5 8. Nd5
Nf6 9. Bg5 Be6 10. Bxf6 gxf6 11. Bd3 Bg7 12. Qh5 Bxd5 13. exd5 Ne7 14. Qf3 Qc8
15. g4 Ng6 16. Bxg6 fxg6 17. c3 O-O 18. Nc2 f5 19. g5 e4 20. Qe3 f4 21. Qd2 Qc5
22. O-O-O a5 23. Kb1 Rae8 24. Rhe1 Rf5 25. Nd4 Bxd4 26. Qxd4 Qxd4 27. Rxd4 e3
28. fxe3 fxe3 29. h4 Kg7 30. b3 h6 31. gxh6+ Kxh6 32. a4 bxa4 33. bxa4 Kh5 34.
Kc2 Rf2+ 35. Kd3 Rd2+ 36. Kc4 Rc8+ 37. Kb3 Rxd4 38. cxd4 Re8 39. Kc3 e2 40. Kd3
Kxh4 41. Rxe2 Rxe2 42. Kxe2 Kg3 0-1

[Event "International Championship of Central Se"]
[Site "Paracin, hotel "]
[Date "2012.07.10"]
[Round "5.21"]
[White "Jaklin, Damir"]
[Black "Ratkovic, Petar"]
[Result "1-0"]
[WhiteElo "1937"]
[BlackElo "1527"]
[PlyCount "111"]
[EventDate "2012.07.06"]

1. d4 d5 2. c4 c6 3. cxd5 cxd5 4. Nc3 Nc6 5. Nf3 Nf6 6. Bf4 Bf5 7. e3 e6 8. Qb3
Qc8 9. Rc1 Bb4 10. Bb5 O-O 11. O-O Bxc3 12. Rxc3 Ne4 13. Rcc1 a6 14. Bxc6 bxc6
15. Qa4 Qb7 16. b3 Rfc8 17. Ne5 Qb5 18. f3 Qxa4 19. bxa4 Nf6 20. Nxc6 Kf8 21.
Rc3 Ke8 22. Rfc1 Nd7 23. a5 Nf6 24. g4 Bg6 25. Nb4 Rxc3 26. Rxc3 h5 27. g5 Nd7
28. Rc6 Kd8 29. Bc7+ Ke7 30. Rxa6 Rc8 31. Rc6 Nb8 32. Bxb8 Rxb8 33. Rb6 Ra8 34.
a6 Kd7 35. a4 h4 36. a5 Bh5 37. Nc6 Kc7 38. Kf2 f6 39. gxf6 gxf6 40. Nb4 Kd7
41. e4 dxe4 42. fxe4 h3 43. Kg3 Bg6 44. Kf4 Bh5 45. e5 f5 46. Rb7+ Kd8 47. Rh7
Be8 48. Rh8 Ke7 49. Rh7+ Kd8 50. Rxh3 Kc7 51. Rh7+ Bd7 52. d5 exd5 53. e6 Kd6
54. exd7 d4 55. Kxf5 Kc7 56. d8=Q+ 1-0

[Event "International Championship of Central Se"]
[Site "Paracin, hotel "]
[Date "2012.07.10"]
[Round "5.22"]
[White "Cokan, Mirko"]
[Black "Khafizova, Yana"]
[Result "0-1"]
[WhiteElo "1800"]
[BlackElo "1934"]
[Annotator "Milojevic,Boban"]
[PlyCount "69"]
[EventDate "2012.07.06"]

1. e4 e5 2. Bc4 Nf6 3. d4 exd4 4. Nf3 Nxe4 5. O-O d5 6. Re1 Be6 7. Bb3 Bc5 8.
Nbd2 Nxd2 9. Bxd2 O-O 10. c3 dxc3 11. bxc3 c6 12. Bc2 h6 13. Bf4 Nd7 14. Nd4
Bxd4 15. cxd4 Qh4 16. Bd6 Rfe8 17. Qd3 g6 18. Qd2 Kh7 19. Rab1 b6 20. Rb3 h5
21. Bg3 Qf6 22. Rbe3 c5 23. dxc5 bxc5 24. h3 Nb6 25. Qd1 Kg8 26. Be5 Qg5 27.
Rg3 Qh6 28. Bf6 Bd7 29. Re7 Rxe7 30. Bxe7 Rc8 31. Bg5 Qg7 32. Rf3 Qd4 33. Qc1
Rc6 34. Rf4 Qe5 35. Rf3 {unreadable} 0-1

[Event "International Championship of Central Se"]
[Site "Paracin, hotel "]
[Date "2012.07.10"]
[Round "5.23"]
[White "Kosir, Franci"]
[Black "Lazovic, Bozidar"]
[Result "1-0"]
[WhiteElo "1925"]
[BlackElo "1802"]
[PlyCount "159"]
[EventDate "2012.07.06"]

1. Nf3 c5 2. c4 Nf6 3. Nc3 g6 4. g3 Bg7 5. Bg2 O-O 6. O-O Nc6 7. d4 cxd4 8.
Nxd4 Nxd4 9. Qxd4 d6 10. Qd3 Rb8 11. Rd1 b6 12. b3 Bb7 13. Bb2 Bxg2 14. Kxg2
Nd7 15. Qd2 Nc5 16. Nb5 Bxb2 17. Qxb2 a6 18. Nc3 Qd7 19. Rac1 Rfc8 20. Qd2 Qe8
21. Nd5 b5 22. Qe3 Ne6 23. cxb5 Rxc1 24. Rxc1 Rxb5 25. Nc7 Nxc7 26. Rxc7 Re5
27. Qc3 Rc5 28. Rxc5 dxc5 29. Qxc5 Qa8+ 30. f3 Qd8 31. b4 Kg7 32. Qc4 Qb6 33.
a4 Qd6 34. b5 axb5 35. Qxb5 Qc7 36. a5 h5 37. a6 Qa7 38. Qb7 Qe3 39. Qe4 Qa7
40. Qc4 Qb6 41. Qa2 Qa7 42. Qb2+ Kh7 43. Qb5 Qe3 44. Kf1 Qd4 45. Qb7 Qd1+ 46.
Kf2 Qd4+ 47. Kg2 Qe3 48. Qe4 Qa7 49. Qd3 Qb6 50. Qa3 Qa7 51. e3 Qc7 52. Qb3 Kg7
53. Qb2+ Kh7 54. Kf2 Qa7 55. Qb5 Qc7 56. Qa4 Qb6 57. Qa2 Qa7 58. Qxf7+ Kh6 59.
Qa2 e5 60. h4 Kg7 61. Qe6 Qc7 62. Qa2 Qa7 63. Qc4 Qb6 64. Qa2 Qb8 65. Qe6 Qc7
66. Qb3 Kh6 67. Kg2 Qa7 68. Qa3 Kh7 69. Kf2 Kh6 70. Qd6 Kh7 71. Qc6 Kh6 72. Ke2
Qf7 73. Qa4 Qa7 74. Qb4 Qc7 75. Qa4 Qb6 76. Qa3 Qa7 77. Qa2 Kg7 78. Kf2 Kh6 79.
Qg8 g5 80. hxg5# 1-0

[Event "International Championship of Central Se"]
[Site "Paracin, hotel "]
[Date "2012.07.10"]
[Round "5.24"]
[White "Janzelj, Lara"]
[Black "Brankovic, Slavoljub"]
[Result "1-0"]
[WhiteElo "1745"]
[BlackElo "1920"]
[PlyCount "131"]
[EventDate "2012.07.06"]

1. d4 Nf6 2. c4 e6 3. Nc3 Bb4 4. e3 c5 5. a3 Bxc3+ 6. bxc3 b6 7. Nf3 Bb7 8. Rb1
Qc7 9. Be2 O-O 10. a4 d6 11. Qb3 Nbd7 12. O-O d5 13. cxd5 Bxd5 14. Qc2 Be4 15.
Bd3 Bxf3 16. gxf3 cxd4 17. cxd4 Qxc2 18. Bxc2 Rfc8 19. Bb3 Rc7 20. Ba3 Rac8 21.
Kg2 Nd5 22. Rbc1 Rxc1 23. Rxc1 Rxc1 24. Bxc1 Kf8 25. e4 Nc7 26. h4 h5 27. Ba3+
Ke8 28. f4 g6 29. Bd6 Kd8 30. f5 gxf5 31. exf5 Nd5 32. fxe6 fxe6 33. Bd1 N7f6
34. Be5 Kd7 35. Bb8 a5 36. Be5 Ke8 37. Be2 Kf7 38. Bd3 Nc3 39. Bc2 Nfd5 40. Kg3
b5 41. axb5 Nxb5 42. f4 Nb4 43. Bd1 Kg6 44. Ba4 Nc3 45. Be8+ Kf5 46. Bxh5 a4
47. Bg4+ Kg6 48. Bxe6 a3 49. f5+ Kh7 50. f6 a2 51. Bxa2 Ne4+ 52. Kf4 Nxf6 53.
Bxf6 Nxa2 54. d5 Kg6 55. Bg5 Nb4 56. d6 Nc6 57. d7 Kf7 58. d8=Q Nxd8 59. Bxd8
Kg6 60. Kg4 Kh6 61. Bg5+ Kg6 62. h5+ Kg7 63. h6+ Kg6 64. Kh4 Kh7 65. Kh5 Kh8
66. Kg6 1-0

[Event "International Championship of Central Se"]
[Site "Paracin, hotel "]
[Date "2012.07.10"]
[Round "5.25"]
[White "Milutinovic, Stefana"]
[Black "Antonijevic, Milutin"]
[Result "1-0"]
[WhiteElo "1896"]
[BlackElo "1790"]
[PlyCount "49"]
[EventDate "2012.07.06"]

1. d4 Nf6 2. c4 e6 3. Nf3 Bb4+ 4. Bd2 Qe7 5. c5 Bxd2+ 6. Nbxd2 O-O 7. Rc1 b6 8.
e4 Bb7 9. Bd3 d6 10. cxd6 cxd6 11. e5 dxe5 12. dxe5 Nd5 13. O-O Ba6 14. Nc4 Nd7
15. Be4 Bb7 16. h4 Nc5 17. Bxh7+ Kxh7 18. Ng5+ Kg6 19. Qc2+ f5 20. exf6+ Kxf6
21. h5 Kxg5 22. Qg6+ Kh4 23. Kh2 Qg5 24. g3+ Kg4 25. Ne5# 1-0

[Event "International Championship of Central Se"]
[Site "Paracin, hotel "]
[Date "2012.07.10"]
[Round "5.27"]
[White "Vasilev, Martin"]
[Black "Radovanovic, Danko"]
[Result "0-1"]
[WhiteElo "1596"]
[BlackElo "1895"]
[PlyCount "70"]
[EventDate "2012.07.06"]

1. e4 e5 2. Nf3 Nf6 3. d3 Nc6 4. Be2 Be7 5. O-O O-O 6. h3 d5 7. exd5 Nxd5 8.
Nc3 Nxc3 9. bxc3 f5 10. Re1 Bf6 11. Bb2 b6 12. Bf1 Bb7 13. d4 e4 14. Nd2 Ne7
15. Nb3 Qe8 16. Nc1 Qg6 17. Ne2 Bg5 18. Bc1 f4 19. c4 f3 20. Ng3 Bh4 21. Be3
Bxg3 22. fxg3 Qxg3 23. Bf2 Qg6 24. d5 fxg2 25. Bxg2 Rf4 26. Qd2 Raf8 27. Be3
Rf3 28. Kh1 Rg3 29. Bf4 Rxg2 30. Qxg2 Qxg2+ 31. Kxg2 Rxf4 32. Rf1 Rxf1 33. Rxf1
Ba6 34. d6 cxd6 35. Rd1 Nf5 0-1

[Event "International Championship of Central Se"]
[Site "Paracin, hotel "]
[Date "2012.07.10"]
[Round "5.29"]
[White "Miljkovic, Jovana"]
[Black "Glisic, Tomislav"]
[Result "0-1"]
[WhiteElo "1661"]
[BlackElo "2075"]
[PlyCount "120"]
[EventDate "2012.07.06"]

1. c4 Nf6 2. Nc3 d5 3. cxd5 Nxd5 4. g3 g6 5. Bg2 c6 6. Nf3 Bg7 7. O-O O-O 8.
Re1 Na6 9. d4 Bg4 10. h3 Bd7 11. Rb1 Qb6 12. Nxd5 cxd5 13. Be3 Bf5 14. Ra1 Qxb2
15. Nh4 Bc8 16. Kh2 e6 17. Nf3 b6 18. a3 Bd7 19. Qd3 Bb5 20. Qd1 Bc4 21. Qd2
Qxd2 22. Bxd2 Rfc8 23. e3 Nc7 24. Rec1 Ne8 25. Bf1 Bxf1 26. Rxf1 Rc2 27. Rfd1
Nd6 28. Ne1 Rc6 29. Nd3 Rac8 30. Nb4 Rc4 31. Kg2 Bf8 32. Be1 Ne4 33. h4 h5 34.
Kf1 Kg7 35. Kg2 Kf6 36. Kh2 Kf5 37. Kh3 a5 38. Nd3 Bd6 39. Kg2 R8c6 40. Nb2 Rc2
41. Nd3 Kg4 42. Rdb1 Bxg3 43. Rd1 Bd6 44. Kg1 Nc3 45. Bxc3 R2xc3 46. a4 Kxh4
47. Rd2 Kg4 48. Kg2 Rc2 49. Rxc2 Rxc2 50. Ne1 Rc6 51. Nf3 g5 52. Rh1 h4 53. Ra1
Kh5 54. Rh1 Rc4 55. Ra1 g4 56. Ne1 h3+ 57. Kh1 f5 58. Kg1 f4 59. Kh1 g3 60.
fxg3 fxg3 0-1